LEADER 01381nam a2200265 i 4500 001 000000242795 003 CaOOAMICUS 005 20150616000000.0 008 150616s1737 it u000 u fre u 013 $a221700 026 $ae.I. nee& rer- vepl (3) 1737 (R) 040 $aSeMil$bita 240 13$aAn exposition of the Church Catechism.$0(OLS)http://semarc/title/344603 245 10$aExplication du Catechisme de l'Église Anglicane. Par feu Mr. Samuel Clarke ... Traduit de l'anglois, sur la troisième edition. 260 $aA Amsterdam :$bChez Pierre Humbert,$c1737. 300 $axx, [4], 343, [1] p. ;$c12°. 500 $aSegn. : *8 2*4 AX-8 Y4. - Fregio xilogr. su front. stampato in rosso e nero. 650 4$aChiesa Anglicana - Catechismo.$0(OLS)http://semarc/subject/42468 700 1 $aClarke, Samuel,$d<1675-1729>.$0(OLS)http://semarc/name/6727 700 1 $aHumbert, Pierre,$c.$0(OLS)http://semarc/name/5376 710 2 $aChurch of England.$0(OLS)http://semarc/name/40572 850 $aSeMil 852 $aSeMil$W1$xVenegono$y1$m3F II 276 FA$j193141$B193141$CSeMilBibl$Z2$F203931 $8I 996 $6245$aExplication du Catechisme de l'Église Anglicane. Par feu Mr. Samuel Clarke ... Traduit de l'anglois, sur la troisième edition$9(OLS)http://semarc/title/344602 996 $6260$aA Amsterdam :$bChez Pierre Humbert$9(OLS)http://semarc/publisher/33058 LEADER 01249nam a2200277 i 4500 001 000000209880 003 CaOOAMICUS 005 20210511112759.0 008 120105s2010 it u000 u ita u 013 $a188671 020 $a978-88-6124-170-1 040 $aSeMil$bita 245 03$aIl volto nel pensiero contemporaneo /$ca cura di Daniele Vinci. 264 1$aTrapani :$bIl pozzo di Giacobbe,$c2010. 300 $a558 p. :$bill. ;$c22 cm. 490 1 $aLimine / Dipartimento di filosofia della Pontificia facoltà teologica della Sardegna ;$v4 650 4$aVolto umano.$0(OLS)http://semarc/subject/39470 700 1 $aVinci, Daniele,$d<1970- >.$0(OLS)http://semarc/name/75219 830 0$aLimine / Dipartimento di filosofia della Pontificia facoltà teologica della Sardegna ;$v4.$0(OLS)http://semarc/title/35159 850 $aSeMil 852 $aSeMil$W1$xVenegono$y1$m516 2 4 *$j160331$B160331$CSeMilBibl$Z2$F171792 $81 961 $aOmaggio: Conti don Ermenegildo 996 $6020$a978-88-6124-170-1$9(OLS)http://semarc/number/204682 996 $6245$aIl volto nel pensiero contemporaneo$9(OLS)http://semarc/title/303423 996 $6264$aTrapani :$bIl pozzo di Giacobbe$9(OLS)http://semarc/publisher/31941